Catholic University of Zimbabwe Library
Online Public Access Catalogue
(OPAC)

An introduction to reservoir simulation using MATLAB/GNU Octave : (Record no. 27823)

MARC details
000 -LEADER
fixed length control field 02187nam a22003498i 4500
001 - CONTROL NUMBER
control field CR9781108591416
003 - CONTROL NUMBER IDENTIFIER
control field UkCbUP
005 - DATE AND TIME OF LATEST TRANSACTION
control field 20210213154027.0
006 - FIXED-LENGTH DATA ELEMENTS--ADDITIONAL MATERIAL CHARACTERISTICS
fixed length control field m|||||o||d||||||||
007 - PHYSICAL DESCRIPTION FIXED FIELD--GENERAL INFORMATION
fixed length control field cr||||||||||||
008 - FIXED-LENGTH DATA ELEMENTS--GENERAL INFORMATION
fixed length control field 180724s2019||||enk o ||1 0|eng|d
020 ## - INTERNATIONAL STANDARD BOOK NUMBER
International Standard Book Number 9781108591416 (ebook)
020 ## - INTERNATIONAL STANDARD BOOK NUMBER
Canceled/invalid ISBN 9781108492430 (hardback)
040 ## - CATALOGING SOURCE
Original cataloging agency UkCbUP
Language of cataloging eng
Description conventions rda
Transcribing agency UkCbUP
050 00 - LIBRARY OF CONGRESS CALL NUMBER
Classification number TN870.53
Item number .L54 2019
082 00 - DEWEY DECIMAL CLASSIFICATION NUMBER
Classification number 622/.338
Edition number 23
100 1# - MAIN ENTRY--PERSONAL NAME
Personal name Lie, Knut-Andreas,
Relator term author.
245 13 - TITLE STATEMENT
Title An introduction to reservoir simulation using MATLAB/GNU Octave :
Remainder of title user guide for the MATLAB Reservoir Simulation Toolbox (MRST) /
Statement of responsibility, etc. Knut-Andreas Lie.
264 #1 - PRODUCTION, PUBLICATION, DISTRIBUTION, MANUFACTURE, AND COPYRIGHT NOTICE
Name of producer, publisher, distributor, manufacturer Cambridge University Press,
300 ## - PHYSICAL DESCRIPTION
Extent 1 online resource (xv, 660 pages) :
Other physical details digital, PDF file(s).
500 ## - GENERAL NOTE
General note Title from publisher's bibliographic system (viewed on 23 Jul 2019).
520 ## - SUMMARY, ETC.
Summary, etc. This book provides a self-contained introduction to the simulation of flow and transport in porous media, written by a developer of numerical methods. The reader will learn how to implement reservoir simulation models and computational algorithms in a robust and efficient manner. The book contains a large number of numerical examples, all fully equipped with online code and data, allowing the reader to reproduce results, and use them as a starting point for their own work. All of the examples in the book are based on the MATLAB Reservoir Simulation Toolbox (MRST), an open-source toolbox popular popularity in both academic institutions and the petroleum industry. The book can also be seen as a user guide to the MRST software. It will prove invaluable for researchers, professionals and advanced students using reservoir simulation methods. This title is also available as Open Access on Cambridge Core.
650 #0 - SUBJECT ADDED ENTRY--TOPICAL TERM
Topical term or geographic name entry element Hydrocarbon reservoirs
General subdivision Computer simulation.
650 #0 - SUBJECT ADDED ENTRY--TOPICAL TERM
Topical term or geographic name entry element Oil reservoir engineering
General subdivision Data processing.
630 00 - SUBJECT ADDED ENTRY--UNIFORM TITLE
Uniform title MATLAB.
630 00 - SUBJECT ADDED ENTRY--UNIFORM TITLE
Uniform title GNU Octave.
776 08 - ADDITIONAL PHYSICAL FORM ENTRY
Relationship information Print version:
International Standard Book Number 9781108492430
856 40 - ELECTRONIC LOCATION AND ACCESS
Uniform Resource Identifier <a href="https://doi.org/10.1017/9781108591416">https://doi.org/10.1017/9781108591416</a>
Holdings
Withdrawn status Lost status Source of classification or shelving scheme Damaged status Not for loan Home library Current library Shelving location Date acquired Total Checkouts Full call number Date last seen Uniform Resource Identifier Price effective from Koha item type
          Digital Library Digital Library Online Access 13.02.2021   TN870.53 .L54 2019 13.02.2021 https://doi.org/10.1017/9781108591416 13.02.2021 eBook

OPENING HOURS

Weekdays: 0815hrs - 1800hrs
Weekends:0900hrs - 1200hrs

Closed for Mass:

Mon, Thur: 1200hrs - 1300hrs
Sunday & Public Holiday’s

CALL SUPPORT

0242-570570, 0242-570169
09200664, +263 8644140602

LOCATION

18443, Cranborne Avenue, Hatfield, Harare

Other Links


©2021 | CUZ Library